Vista normal
Vista MARC
Entrada Personal Name
Número de registros utilizados en: 1
001 - CONTROL NUMBER
- control field: 45537
003 - CONTROL NUMBER IDENTIFIER
- control field: OSt
005 - DATE AND TIME OF LATEST TRANSACTION
- control field: 20241125150736.0
008 - FIXED-LENGTH DATA ELEMENTS
- fixed length control field: 241125|| aca||aabn | a|a d
040 ## - CATALOGING SOURCE
- Original cataloging agency: OSt
- Transcribing agency: OSt
100 ## - HEADING--PERSONAL NAME
- Personal name: Carmen Elisa Flórez Nieto
670 ## - SOURCE DATA FOUND
- Source citation: Work cat.: (OSt)40061: Carmen Elisa Flórez Nieto, La transición demografica en Colombia: